<?xml version="1.0" encoding="UTF-8"?>
<record
    xmlns:xsi="http://www.w3.org/2001/XMLSchema-instance"
    xsi:schemaLocation="http://www.loc.gov/MARC21/slim http://www.loc.gov/standards/marcxml/schema/MARC21slim.xsd"
    xmlns="http://www.loc.gov/MARC21/slim">

  <leader>00725nam a2200229 a 4500</leader>
  <controlfield tag="003">CO-ViMGA</controlfield>
  <controlfield tag="005">20230915233125.0</controlfield>
  <controlfield tag="008">081027s2008    sp     g      000 j spa d</controlfield>
  <datafield tag="020" ind1=" " ind2=" ">
    <subfield code="a">9788493592745</subfield>
  </datafield>
  <datafield tag="040" ind1=" " ind2=" ">
    <subfield code="a">CO-ViMGA</subfield>
    <subfield code="b">spa</subfield>
    <subfield code="c">CO-ViMGA</subfield>
  </datafield>
  <datafield tag="043" ind1=" " ind2=" ">
    <subfield code="a">e-sp---</subfield>
  </datafield>
  <datafield tag="082" ind1="0" ind2="4">
    <subfield code="a">863.6 </subfield>
    <subfield code="b">I11p </subfield>
    <subfield code="2">19</subfield>
  </datafield>
  <datafield tag="245" ind1="1" ind2="3">
    <subfield code="a">El perfume del cardamomo : </subfield>
    <subfield code="b">cuentos chinos / </subfield>
    <subfield code="c">Andr&#xE9;s Ib&#xE1;&#xF1;ez ; con una introducci&#xF3;n de F&#xE9;lix Romeo.</subfield>
  </datafield>
  <datafield tag="260" ind1=" " ind2=" ">
    <subfield code="a">Madrid : </subfield>
    <subfield code="b">Impedimenta, </subfield>
    <subfield code="c">2008.</subfield>
  </datafield>
  <datafield tag="300" ind1=" " ind2=" ">
    <subfield code="a">152 p. ; </subfield>
    <subfield code="c">21 cm.</subfield>
  </datafield>
  <datafield tag="650" ind1="1" ind2="4">
    <subfield code="a">Agua</subfield>
    <subfield code="v"> Cuentos.</subfield>
    <subfield code="9">2533</subfield>
  </datafield>
  <datafield tag="650" ind1="1" ind2="4">
    <subfield code="a">Cuentos espa&#xF1;oles.</subfield>
    <subfield code="9">1960</subfield>
  </datafield>
  <datafield tag="650" ind1="1" ind2="4">
    <subfield code="a">Delincuentes</subfield>
    <subfield code="v"> Cuentos.</subfield>
    <subfield code="9">2532</subfield>
  </datafield>
  <datafield tag="650" ind1=" " ind2="6">
    <subfield code="a">Alquimia</subfield>
    <subfield code="v"> Cuentos.</subfield>
    <subfield code="9">2534</subfield>
  </datafield>
  <datafield tag="700" ind1="1" ind2=" ">
    <subfield code="a">Romeo, F&#xE9;lix, 1968-</subfield>
    <subfield code="9">2535</subfield>
  </datafield>
  <datafield tag="942" ind1=" " ind2=" ">
    <subfield code="2">ddc</subfield>
    <subfield code="c">BK</subfield>
  </datafield>
  <datafield tag="999" ind1=" " ind2=" ">
    <subfield code="c">35304</subfield>
    <subfield code="d">35304</subfield>
  </datafield>
  <datafield tag="952" ind1=" " ind2=" ">
    <subfield code="0">0</subfield>
    <subfield code="1">0</subfield>
    <subfield code="2">ddc</subfield>
    <subfield code="4">0</subfield>
    <subfield code="7">0</subfield>
    <subfield code="8">003</subfield>
    <subfield code="a">MEVIECAR</subfield>
    <subfield code="b">MEVIECAR</subfield>
    <subfield code="d">2016-02-26</subfield>
    <subfield code="l">2</subfield>
    <subfield code="o">863.6 I11p</subfield>
    <subfield code="p">29736</subfield>
    <subfield code="r">2019-03-11 00:00:00</subfield>
    <subfield code="s">2017-08-02</subfield>
    <subfield code="t">Ej. 1</subfield>
    <subfield code="w">2016-02-26</subfield>
    <subfield code="y">BK</subfield>
  </datafield>
</record>
